000 00604nam a22001577a 4500
003 OSt
005 20151118093850.0
008 151118b xxu||||| |||| 00| 0 eng d
040 _cRUA
082 _aFIS ថាត់​​ 1993 B152 Or.1
100 _93836
_aថាត់ សុវណ្ណរិទ្ធ
245 _aលក្ខណះជីវសាស្រ្តនិងការដាំដុះដើមកោងកាងនៅក្រុងព្រះសីហនុនិងខេត្តកំពត
260 _aPhnom Penh
_bRUA
_c1993
300 _a108p.
_bill.
_c29cm.
942 _2ddc
_cFIS
999 _c3568
_d3568